00289nam a2200121Ia 4500008004100000041000800041082001400049100001200063245002200075260004500097300000800142650001700150220803s9999 xx 000 0 und d aeng a741.2 DOS aDoshi B aGive Time A Break aAhmedabadbVastu Shilpa Foundationc2006 a15p aBasic Design